000 00580cam a22002051 4500
001 ne 62001398
003 DLC
005 20260227111737.0
008 821021s1962 ua a 000 1 ararc
010 _ane 62001398
035 _a(OCoLC)8881791
040 _aPrinceton Univ. Libr.
_cWaU
_dWaU
_dDLC
042 _apremarc
050 0 0 _aPJ7832.U7
_bA7
100 1 _aḤusayn, Fahmī.
245 1 0 _aʻAlāqah basīṭah
_c[taʼlīf] Fahmī Ḥusayn.
260 _a[al-Qāhirah]
_bDār al-Fikr al-ʻArabī
_c[1962].
300 _a189 p.
_billus.
_c19 cm.
500 _aShort stories.
999 _c45272
_d45272